Codificación minera, comprendiendo la ley de minería vigente y sus reglamentos: leyes, decretos circulares, acuerdos y avisos expendidos hasta la fecha referente a la minería

Αποθηκεύτηκε σε:
Λεπτομέρειες βιβλιογραφικής εγγραφής
Συγγραφή απο Οργανισμό/Αρχή: Secretaria de Industria, Comercio y Trabajo (Συγγραφέας)
Μορφή: Βιβλίο
Γλώσσα:Ισπανικά
Έκδοση: Ciudad de México Talleres Gráficos de la Nación 1925
Θέματα:
Ετικέτες: Προσθήκη ετικέτας
Δεν υπάρχουν, Καταχωρήστε ετικέτα πρώτοι!

MARC

LEADER 00000nam a2200000 a 4500
001 UCW9821
003 CL-VaPUC
008 890621e19250000MX |||||||||||||||||spa|d
082 0 4 |a 343.077  |b SEC  |2 21 
110 2 |a Secretaria de Industria, Comercio y Trabajo  |e author  |9 315270 
245 1 0 |a Codificación minera, comprendiendo la ley de minería vigente y sus reglamentos: leyes, decretos circulares, acuerdos y avisos expendidos hasta la fecha referente a la minería 
300 |a 347 p 
942 |c BK 
945 |d 19890621 00:00:00 
260 |a Ciudad de México  |b Talleres Gráficos de la Nación  |c 1925 
650 0 |a Código de minería   |9 256729 
650 7 |a MINERIA LEYES  |2 CL-VaPUC  |9 315271 
651 0 |a México  |9 255269 
583 |a last modification  |c 19890621 00:00:00  |k Rodrigo Vera 
999 |c 221699  |d 221697 
952 |0 0  |1 0  |4 0  |6 343_077000000000000_SEC_1925  |7 0  |8 X  |9 215441  |a BIBHIS  |b BIBHIS  |d 2019-11-15  |i 2838508  |o 343.077 SEC 1925  |p 2838508  |r 2024-01-30  |w 2019-11-15  |y BK_X  |k HIS